000 00575nam a2200193Ia 4500
005 20260114185804.0
008 008 260114s9999 xx 000 0 eng d
020 _a9781350022003
037 _aEBOOK
040 _aCRL
_beng
_cCRL
041 _aeng
_2eng
084 _qCRL
100 _aTom Cubbin
_9874412
245 0 _aSoviet Critical Design Senezh Studio and the Communist Surround
260 _bBloomsbury
_c2018
856 _uhttps://doi.org/10.5040/9781350022003?locatt=label:secondary_bloomsburyCollections
942 _cEBOOK
999 _c1473346
_d1473346